Application of the RICS Valuation - Professional Standards in Greece (Record no. 115899)
[ view plain ]
| 000 -LEADER | |
|---|---|
| fixed length control field | 01560cad a22002895a 4500 |
| 001 - CONTROL NUMBER | |
| control field | L159438 |
| 008 - FIXED-LENGTH DATA ELEMENTS--GENERAL INFORMATION | |
| fixed length control field | 131031s2016 xxk f f 001 0 eng d |
| 020 ## - INTERNATIONAL STANDARD BOOK NUMBER | |
| International Standard Book Number | 9781783210787 |
| 035 ## - SYSTEM CONTROL NUMBER | |
| System control number | (Sirsi) u159438 |
| 041 0# - LANGUAGE CODE | |
| Language code of text/sound track or separate title | eng |
| 041 0# - LANGUAGE CODE | |
| Language code of text/sound track or separate title | gre |
| 050 04 - LIBRARY OF CONGRESS CALL NUMBER | |
| Classification number | 333.332 $2 18 |
| 110 2# - MAIN ENTRY--CORPORATE NAME | |
| Corporate name or jurisdiction name as entry element | Royal Institution of Chartered Surveyors |
| 9 (RLIN) | 4900 |
| 240 00 - UNIFORM TITLE | |
| Uniform title | Red Book |
| 245 00 - TITLE STATEMENT | |
| Title | Application of the RICS Valuation - Professional Standards in Greece |
| Medium | [electronic resource] |
| 260 ## - PUBLICATION, DISTRIBUTION, ETC. | |
| Place of publication, distribution, etc. | London |
| Name of publisher, distributor, etc. | RICS |
| Date of publication, distribution, etc. | 2016 |
| 300 ## - PHYSICAL DESCRIPTION | |
| Extent | 9 p. |
| 490 #0 - SERIES STATEMENT | |
| Series statement | RICS Guidance Note |
| 490 #0 - SERIES STATEMENT | |
| Series statement | RICS Valuation Standards |
| 520 ## - SUMMARY, ETC. | |
| Summary, etc. | It is intended to respond to the new regulatory regime introduced by the government in 2013, with the aim of clarifying potential ?grey areas? between the RICS Valuation ? Professional Standards January 2014 (the Red Book) and Greek law. This is to provide a better understanding and more transparency to members and the market concerning guidance about local peculiarities that will become a Greek standard. Effective from June 2016. |
| 650 24 - SUBJECT ADDED ENTRY--TOPICAL TERM | |
| Topical term or geographic name entry element | RICS VALUATION STANDARDS |
| 651 #4 - SUBJECT ADDED ENTRY--GEOGRAPHIC NAME | |
| Geographic name | Greece |
| 690 ## - LOCAL SUBJECT ADDED ENTRY--TOPICAL TERM (OCLC, RLIN) | |
| Topical term or geographic name as entry element | Valuation |
| 9 (RLIN) | 6273 |
| 856 40 - ELECTRONIC LOCATION AND ACCESS | |
| Uniform Resource Identifier | <a href="https://www.isurv.com/downloads/file/6851/application_of_the_rics_valuation_-_professional_standards_in_greece_1st_edition_english">https://www.isurv.com/downloads/file/6851/application_of_the_rics_valuation_-_professional_standards_in_greece_1st_edition_english</a> |
| Public note | View English version on iSurv (subscription required) |
| 856 40 - ELECTRONIC LOCATION AND ACCESS | |
| Uniform Resource Identifier | <a href="https://www.isurv.com/downloads/file/6852/application_of_the_rics_valuation_-_professional_standards_in_greece_1st_edition_greek">https://www.isurv.com/downloads/file/6852/application_of_the_rics_valuation_-_professional_standards_in_greece_1st_edition_greek</a> |
| Public note | View Greek version on iSurv (subscription required) |
| 942 ## - ADDED ENTRY ELEMENTS (KOHA) | |
| Suppress in OPAC | 0 |
| Source of classification or shelving scheme | Dewey Decimal Classification |
| Withdrawn status | Lost status | Source of classification or shelving scheme | Damaged status | Not for loan | Home library | Current library | Shelving location | Date acquired | Total Checkouts | Full call number | Barcode | Date last seen | Copy number | Price effective from | Koha item type |
|---|---|---|---|---|---|---|---|---|---|---|---|---|---|---|---|
| Dewey Decimal Classification | Virtual | Virtual | Online | 18/07/2017 | iSurv | 159438-2001 | 24/03/2023 | 1 | 06/08/2019 | Book |